Регионална библиотека "Любен Каравелов" - Русе

Осигурително право (Запис номер 73590)

MARC детайли
000 -Лидер
Контролно поле с фиксирана дължина 01271nam a2200337 c 4500
003 - Код на организацията, давaща контролен номер
Контролно поле BLK
005 - Дата и час на последна редакция
Контролно поле 20220917100708.0
008 - Елементи от данни с фиксирана дължина
fixed length control field 180408b bul|||||r ||||||| ||bul||
010 ## - Наследен системен номер
LC control number KNG00077985000
020 ## - Международен стандартен номер на книга ISBN
Международен стандартен номер на книга ISBN 978-954-730-377-5
-- издат.: Сиби
040 ## - Източник на каталожния запис
Идентификатор на билиотеката - собственик на записа BLK
041 ## - Код за език
Код за езика на текст/звукозапис или на отделно заглавие Български
Код за езика КДБФ Български
080 ## - УДК
Текстов определител УДК Осигурително и застрахователно право
УДК код - определител по УДК 349.3:368
УДК определител (075.8)
УДК - код + определител 349.3:368(075.8)
100 1# - Редна дума - Автор
Автор Мръчков, Васил Желязков
Авторска отговорност първи автор
R(LIN) 369166
139 ## - Редно поле
Редна дума Мръчков, Васил Желязков
Авторски знак Мр - М 94
245 10 - Сведения за заглавието
Заглавие Осигурително право
Редно поле (дума) Васил Желязков Мръчков.
250 ## - Област на изданието
Сведения за изданието 4. прераб. и доп. изд.
257 ## - Страна на издаване
Страна на създаване/издаване България
260 ## - Област на издателските данни
-- София
Име на издателя, разпространителя и проч. Сиби
Година на издаване 2006
300 ## - Физическа характеристика
Страници 496 с.
Размери/Мащаб 22 см
380 ## - Жанр
Жанр Обществени науки
500 ## - Общи забележки
Забележка 1. изд. 1998. - Библиогр. с. 488-490 ; Предм. показалец.
650 #4 - Допълнително описание по предмет – тема
Основно описание – тема или топоним Осигурително право - учебници за ВУЗ
9 (RLIN) 283077
653 ## - Ключова дума – ненормативна
Ключова дума осигурително право
653 ## - Ключова дума – ненормативна
Ключова дума учебници за ВУЗ
852 ## - Местоположение
Форматна сигнатура Цб 235842
856 4# - Електронен адрес и достъп
Електронен формат pdf - файл
Път до файла /url/
856 4# - Електронен адрес и достъп
Електронен формат pdf - файл
Път до файла /url/
942 ## - АРТИКУЛИ
Вид на библиотечния материал Книги
Скрит в OPAC Не
Koha issues (borrowed), all copies 6
944 ## - СЪЗДАВАНЕ И РЕДАКЦИЯ на ЗАПИСА
Създаване/Редакция Създаване
Дата на регистрацията/редакция 30.08.2007
Служител, извършил регистрацията/редакцията Геновева_Генчева
944 ## - СЪЗДАВАНЕ И РЕДАКЦИЯ на ЗАПИСА
Създаване/Редакция Редакция
Дата на регистрацията/редакция 22.01.2013
Служител, извършил регистрацията/редакцията
999 ## - СИСТЕМНИ КОНТРОЛНИ НОМЕРА
Koha biblionumber 73590
Koha biblioitemnumber 73590
Наличности
Код за отписване Код за изгубен артикул Код за повреда Коз за рестрикции Код за отдаване Артикулен № Име на библиотеката - собственик Име на библиотеката, в която се намира в момента Статус (Текущо местоположение) Дата на вписване в системата Местоположение - отдел Цена в лева Инвентарен номер Систематично азбучна сигнатура Баркод Номер на екземпляра Цена в евро Служебна бележка Служебен тип на артикула
  Не е изгубен Не е повреден без рестрикции ползва се в читалня 119566 Регионална библиотека "Любен Каравелов" Русе Регионална библиотека "Любен Каравелов" Русе Хранилище 2007-08-30 Хранилище 31.00 120000717307 Цб 235842 120000717307 1 15.85 Дост: Dp Вид: Д N: 19 Дата: 19.04.2007 Книги
  Не е изгубен Не е повреден без рестрикции заемане за дома 119567 Регионална библиотека "Любен Каравелов" Русе Регионална библиотека "Любен Каравелов" Русе Заемна - подръчен фонд 2012-11-28 Заемна - подръчен фонд 15.50 120000761988 П 349/М 94 120000761988 2 7.93 Дост: Pk Вид: Ф N: 324 Дата: 19.11.2012 Дата инв: 07.02.2018 Бележки инв: П2018 Книги
Vip Innovations Ltd, Rousse, Bulgaria 2025